Catálogo - Centro de Recursos para el Aprendizaje y la Investigación

Volver al Sitio - CRAI Biblioteca

Avatares económicos y financieros / (Registro nro. 114145)

Detalles MARC
000 -CABECERA
campo de control de longitud fija 02319nam a2200337 4500
001 - NÚMERO DE CONTROL
campo de control 114145
003 - IDENTIFICADOR DEL NÚMERO DE CONTROL
campo de control DR-UNIBE
005 - FECHA Y HORA DE LA ÚLTIMA TRANSACCIÓN
campo de control 20260220062611.0
008 - DATOS DE LONGITUD FIJA--INFORMACIÓN GENERAL
campo de control de longitud fija 251010b2025 dr ||||| |||| 00| 0 spa d
020 ## - NÚMERO INTERNACIONAL ESTÁNDAR DEL LIBRO
Número Internacional Estándar del Libro 9789945294699
040 ## - FUENTE DE LA CATALOGACIÓN
Centro catalogador/agencia de origen BIBLIOTECA UNIBE
Centro/agencia transcriptor BIBLIOTECA UNIBE
Lengua de catalogación spa
041 ## - CÓDIGO DE LENGUA
Código de lengua del texto/banda sonora o título independiente spa
082 ## - NÚMERO DE LA CLASIFICACIÓN DECIMAL DEWEY
Número de edición 22
Número de clasificación RD 339.7293 S232a
100 10 - ENTRADA PRINCIPAL--NOMBRE DE PERSONA
Nombre de persona Santana García, Félix Antonio
Término indicativo de función/relación autor
9 (RLIN) 199658
245 10 - MENCIÓN DE TÍTULO
Título Avatares económicos y financieros /
Mención de responsabilidad, etc. Félix Antonio Santana García
250 ## - MENCIÓN DE EDICIÓN
Mención de edición Primera edición
260 ## - PUBLICACIÓN, DISTRIBUCIÓN, ETC.
Lugar de publicación, distribución, etc. Santo Domingo :
Nombre del editor, distribuidor, etc. [Editor no identificado],
Fecha de publicación, distribución, etc. 2025
300 ## - DESCRIPCIÓN FÍSICA
Extensión 280 páginas ;
Dimensiones 23 cm
505 0# - NOTA DE CONTENIDO CON FORMATO
Nota de contenido con formato Prólogo |<br/>Capítulo I. La deuda pública |<br/>Capítulo II. El presupuesto estatal |<br/>Capítulo III. La política fiscal |<br/>Capítulo IV. Los déficits fiscales |<br/>Capítulo V. Finanzas del gobierno |<br/>Capítulo VI. Apreciación energética |<br/>Capítulo VII. Banca y monedas |<br/>Capítulo VIII. Dispendio y corrupción |<br/>Capítulo IX. Economía y competitividad |<br/>Capítulo X. Tema inflacionario |<br/>Capítulo XI. Bonos y préstamos |<br/>Capítulo XII. Impuestos y efectos
520 3# - SUMARIO, ETC.
Sumario, etc. Avatares Económicos y Financieros condensa 69 artículos en los cuales se ponderan tópicos de alto interés nacional e internacional relativos a la economía y las finanzas en torno a acontecimientos ocurridos en el período 2014-2020, un período caracterizado por tensiones fiscales acumuladas, reformas estructurales y el inicio de la pandemia del Covid-19. En ella se abordan temas como deuda pública, gasto, inflación, recaudación y aranceles, estructurados en doce capítulos temáticos que permiten al lector comprender la evolución de la economía desde una perspectiva técnica y social.
650 #7 - PUNTO DE ACCESO ADICIONAL DE MATERIA--TÉRMINO DE MATERIA
Fuente del encabezamiento o término lemb
Término de materia o nombre geográfico como elemento de entrada Macroeconomía
Subdivisión geográfica República Dominicana
9 (RLIN) 1463
650 #7 - PUNTO DE ACCESO ADICIONAL DE MATERIA--TÉRMINO DE MATERIA
Fuente del encabezamiento o término lemb
Término de materia o nombre geográfico como elemento de entrada Economía
Subdivisión geográfica República Dominicana
9 (RLIN) 1462
650 #7 - PUNTO DE ACCESO ADICIONAL DE MATERIA--TÉRMINO DE MATERIA
Fuente del encabezamiento o término lemb
Término de materia o nombre geográfico como elemento de entrada Finanzas
Subdivisión geográfica República Dominicana
9 (RLIN) 5397
651 #7 - PUNTO DE ACCESO ADICIONAL DE MATERIA--NOMBRE GEOGRÁFICO
Fuente del encabezamiento o término lemb
Nombre geográfico República Dominicana
Subdivisión general Política económica
9 (RLIN) 2897
651 #7 - PUNTO DE ACCESO ADICIONAL DE MATERIA--NOMBRE GEOGRÁFICO
Fuente del encabezamiento o término lemb
Nombre geográfico República Dominicana
Subdivisión general Condiciones económicas
Subdivisión cronológica 2014-2020
9 (RLIN) 199692
655 #7 - TÉRMINO DE INDIZACIÓN--GÉNERO/FORMA
Fuente del término lemb
Datos o término principal de género/forma Artículos de prensa
9 (RLIN) 199674
700 ## - PUNTO DE ACCESO ADICIONAL--NOMBRE DE PERSONA
Nombre de persona Tejera, Eduardo J.,
Fechas asociadas al nombre 1947-
Término indicativo de función/relación prologuista
9 (RLIN) 49748
700 1# - PUNTO DE ACCESO ADICIONAL--NOMBRE DE PERSONA
Nombre de persona López Reyes, Oscar
Término indicativo de función/relación cuidado de edición
9 (RLIN) 199670
700 1# - PUNTO DE ACCESO ADICIONAL--NOMBRE DE PERSONA
Nombre de persona Díaz Martínez, Luis
Término indicativo de función/relación corrector de estilo
9 (RLIN) 199693
942 ## - ELEMENTOS DE PUNTO DE ACCESO ADICIONAL (KOHA)
Fuente del sistema de clasificación o colocación Sistema de Clasificación Decimal Dewey
Tipo de ítem Koha Libro (general)
Existencias
Estado de retiro Estado de pérdida Fuente del sistema de clasificación o colocación No para préstamo Código de colección Localización permanente Fecha de adquisición Total de préstamos Signatura topográfica completa Código de barras Fecha visto por última vez Número de copia Precio válido a partir de Tipo de ítem Koha
  Disponible Sistema de Clasificación Decimal Dewey   General - Libros dominicanos Biblioteca Central UNIBE 10/10/2025   RD 339.7293 S232a 251050 10/10/2025 Ej. 1 10/10/2025 Libro (general)